Energetický dialóg Ruska a Európskej únie

Dôležitosť otázky energetickej bezpečnosti vo vzájomných vzťahoch Ruska a Európskej únie. Úloha a miesto Ruskej federácie na svetovom plynovom trhu. Tendencie v exporte ruského plynu. Európska únia a jej energetická stratégia.

Salvato in:
Dettagli Bibliografici
Autore principale: Glavatskich, Maria
Natura: Capitolo di libro
Lingua:slovacco
Soggetti:
Tags: Aggiungi Tag
Nessun Tag, puoi essere il primo ad aggiungerne!!

MARC

LEADER 00000nla$a2200000$$$4500
001 0105571
005 20240502072153.7
041 0 |a slo 
044 |a SK 
245 1 0 |a Energetický dialóg Ruska a Európskej únie  |c Maria Glavatskich 
520 |a Dôležitosť otázky energetickej bezpečnosti vo vzájomných vzťahoch Ruska a Európskej únie. Úloha a miesto Ruskej federácie na svetovom plynovom trhu. Tendencie v exporte ruského plynu. Európska únia a jej energetická stratégia. 
610 2 0 |a energetika 
610 2 0 |a politika energetická 
610 2 0 |a bezpečnosť energetická 
610 2 0 |a plyn 
610 2 0 |a ropa 
610 2 0 |a ceny 
610 2 0 |a zdroje energetické 
610 2 0 |a zdroje energie obnoviteľné 
610 2 0 |a Rusko 
610 2 0 |a Európska únia 
100 1 |a Glavatskich, Maria